Detailed evaluation of the TRANPLAN package of microcomputer programs /

Bibliographic Details
Main Author: Chang, D. M. (Duk M.)
Corporate Authors: Texas. State Department of Highways and Public Transportation, Texas Transportation Institute
Other Authors: Stover, Vergil D., Dresser, George B.
Format: Government Document Book
Language:English
Published: College Station, Tex. : [Springfield, Va.] : Texas Transportation Institute, Texas A&M University System ; [Available from the National Technical Information Service], [1988]
Series:Research report (Austin, Tex.) ; 1110-1.
Subjects:

MARC

Tag First Indicator Second Indicator Subfields
LEADER 00000cam a2200000 a 4500
001 in00000771721
005 20151017050505.0
008 881130d19881000txua t s00010 eng d
027 |a FHWA/TX-87/1110-1 
035 |a (OCoLC)18821569 
035 |9 ADK0837AM 
040 |a CBT  |c CBT  |d TXA  |d UtOrBLW 
049 |a TXAT  |c [A11475752] 
050 4 |a HE203  |b .T43 no., 1110-1 
086 |a H1333.7 R311 no. 1110-1  |2 txdocs 
100 1 |a Chang, D. M.  |q (Duk M.) 
245 1 0 |a Detailed evaluation of the TRANPLAN package of microcomputer programs /  |c by Duk M. Chang and Vergil G. Stover and George B. Dresser. 
264 1 |a College Station, Tex. :  |b Texas Transportation Institute, Texas A&M University System ;  |a [Springfield, Va.] :  |b [Available from the National Technical Information Service],  |c [1988] 
300 |a ix, 85 pages :  |b illustrations ;  |c 28 cm. 
336 |a text  |b txt  |2 rdacontent 
337 |a unmediated  |b n  |2 rdamedia 
338 |a volume  |b nc  |2 rdacarrier 
490 1 |a Research report / Texas Transportation Institute ;  |v 1110-1 
513 |a Interim report.  |b Sept. 1986-Nov. 1987. 
500 |a "October 1988." 
500 |a "Subarea analysis using microcomputers, research study number 2-10-87-1110." 
536 |a Sponsored by Texas State Department of Highways and Public Transportation in cooperation with the U.S. Department of Transportation, Federal Highway Administration. 
650 0 |a Traffic assignment  |x Data processing. 
650 0 |a Traffic estimation  |x Data processing. 
630 0 0 |a TRANPLAN (Computer file) 
700 1 |a Stover, Vergil D. 
700 1 |a Dresser, George B. 
710 1 |a Texas.  |b State Department of Highways and Public Transportation. 
710 2 |a Texas Transportation Institute. 
830 0 |a Research report (Austin, Tex.) ;  |v 1110-1. 
999 |a MARS 
999 f f |s 51ff4197-c3d2-3aa3-9c83-6a7a4241644b  |i 9353e0b5-4ecc-373b-bcd1-1b4325d3d058  |t 0 
952 f f |p ric  |a Texas A&M University  |b Rellis Campus  |c Joint Library Facility  |d Remote Storage  |t 0  |e HE203 .T43 no.1110-1  |h Library of Congress classification  |i unmediated -- volume  |m A14811475752 
952 f f |p normal  |a Texas A&M University  |b College Station  |c Sterling C. Evans Library  |d Evans: Library Stacks  |t 0  |e H1333.7 R311 no. 1110-1  |h Library of Congress classification  |i unmediated -- volume  |m A14815873075 
998 f f |a H1333.7 R311 no. 1110-1  |t 0  |l Evans: Library Stacks 
998 f f |a HE203 .T43 no.1110-1  |t 0  |l Remote Storage